The surface of the earth / (Record no. 14541)
[ view plain ]
| 000 -LEADER | |
|---|---|
| fixed length control field | 00761cam a2200253 4500 |
| 001 - CONTROL NUMBER | |
| control field | 14541 |
| 003 - CONTROL NUMBER IDENTIFIER | |
| rucl marc code | BD-RjUL |
| 005 - DATE AND TIME OF LATEST TRANSACTION | |
| control field | 20211208235640.0 |
| 008 - FIXED-LENGTH DATA ELEMENTS--GENERAL INFORMATION | |
| fixed length control field | 140206r19721967enkab b 001 0 eng |
| 020 ## - INTERNATIONAL STANDARD BOOK NUMBER | |
| International Standard Book Number | 0304928585 (v. 1) |
| -- | 0304936715 (v. 2) |
| 035 ## - SYSTEM CONTROL NUMBER | |
| System control number | (BD-RjUL)14594 |
| 040 ## - CATALOGING SOURCE | |
| Original cataloging agency | DLC |
| Transcribing agency | DLC |
| Modifying agency | DLC |
| -- | BD-RjUL |
| Language of cataloging | eng |
| 041 ## - LANGUAGE CODE | |
| Language code of text/sound track or separate title | eng |
| 082 00 - DEWEY DECIMAL CLASSIFICATION NUMBER | |
| Classification number | 551.4 |
| Author mark and year | SES 1972 |
| 100 1# - MAIN ENTRY--PERSONAL NAME | |
| Personal name | Selby, Michael John. |
| 9 (RLIN) | 45347 |
| 245 14 - TITLE STATEMENT | |
| Title | The surface of the earth / |
| Statement of responsibility, etc. | M. J. Selby. |
| 260 ## - PUBLICATION, DISTRIBUTION, ETC. (IMPRINT) | |
| Place of publication, distribution, etc. | London : |
| Name of publisher, distributor, etc. | Cassell, |
| Date of publication, distribution, etc. | c1967 [Impression 1972]. |
| 300 ## - PHYSICAL DESCRIPTION | |
| Pagination | 272 p : |
| Illustrations | illus., maps (part col.) ; |
| Size | 26 cm. |
| 504 ## - BIBLIOGRAPHY, ETC. NOTE | |
| Bibliography, etc | Bibliography: v. 1, p. 265-267 and index. |
| 505 ## - FORMATTED CONTENTS NOTE | |
| Formatted contents note | Vol. 1 -- v. 2 -- |
| 650 #0 - SUBJECT ADDED ENTRY--TOPICAL TERM | |
| Topical term or geographic name as entry element | Physical geography. |
| 9 (RLIN) | 45348 |
| 942 ## - ADDED ENTRY ELEMENTS (KOHA) | |
| Source of classification or shelving scheme | Dewey Decimal Classification |
| Koha item type | Books |
| Lost status | Source of classification or shelving scheme | Materials specified (bound volume or other part) | Damaged status | Not for loan | Collection code | Permanent Location | Current Location | Shelving location | Date acquired | Source of acquisition | Total Checkouts | Full call number | Date last seen | Copy number | Koha item type |
|---|---|---|---|---|---|---|---|---|---|---|---|---|---|---|---|
| Dewey Decimal Classification | V-1 | Not For Loan | Non-fiction | Central Library, University of Rajshahi | Central Library, University of Rajshahi | Reading Room | 09/12/1975 | Britain | 551.4 SES V-1 1972 | 06/02/2014 | C-1 | Books | |||
| Dewey Decimal Classification | Not For Loan | Non-fiction | Central Library, University of Rajshahi | Central Library, University of Rajshahi | Reading Room | 22/02/1973 | Britain | 551.4 SES V-2 1971 | 01/04/2017 | C-1 | Books |